|
|
|
|
| LEADER |
00000nab#a22000007a#4500 |
| 001 |
arbauad007048 |
| 003 |
AR-BaUAD |
| 005 |
20250711110818.0 |
| 008 |
941121|||||||||###||||||b###|0###a|spa|| |
| 040 |
|
|
|a AR-BaUAD
|c AR-BaUAD
|b spa
|
| 100 |
|
|
|a Davey, Peter
|
| 245 |
|
|
|a Cultural Park for children, Cairo, Egypt /
|c Peter Davey;
|
| 300 |
0 |
|
|b fot., plantas
|
| 653 |
|
|
|a CENTROS CULTURALES
|
| 653 |
|
|
|a EL CAIRO
|
| 653 |
|
|
|a EGIPTO
|
| 773 |
0 |
|
|t ARCHITECTURAL REVIEW
|g no. 1148 [oct. 1992], p. 62-63
|
| 942 |
|
|
|c ARTI
|
| 952 |
|
|
|0 0
|1 0
|4 0
|7 0
|9 51968
|a AR-BAuAD
|b AR-BAuAD
|d 2025-07-11
|l 0
|p AAQA007048
|r 2025-07-11 11:08:18
|w 2025-07-11
|y ARTI
|
| 990 |
|
|
|a AQ199
|b TD
|
| 998 |
|
|
|a AAQ
|b BIBUN76
|
| 999 |
|
|
|c 31641
|d 31641
|